书目信息 |
| 题名: |
普通行政执法学
|
|
| 作者: | 夏云峰 著 | |
| 分册: | ||
| 出版信息: | 北京 中国法制出版社 2018 |
|
| 页数: | 417页 | |
| 开本: | 23cm | |
| 丛书名: | ||
| 单 册: | ||
| 中图分类: | D922.11 | |
| 科图分类: | ||
| 主题词: | ||
| 电子资源: | ||
| ISBN: | 978-7-5093-9199-0 | |
| 000 | 00508nam0 2200169 45 | |
| 001 | 2357732540 | |
| 005 | 20230907160335.01 | |
| 010 | @a978-7-5093-9199-0@dCNY50.00 | |
| 100 | @a20211117d km y0chiy0120 ea | |
| 101 | 0 | @achi |
| 200 | 1 | @a普通行政执法学@APu Tong Xing Zheng Zhi Fa Xue@f夏云峰著@FXia Yun Feng Zhu |
| 210 | @a北京@c中国法制出版社@d2018 | |
| 215 | @a417页@d23cm | |
| 690 | @aD922.11@v4 | |
| 701 | 0 | @a夏云峰@AXia Yun Feng@4著 |
| 801 | 0 | @aCN@bPFT@c20211117 |
| 905 | @a10447@b7514102@dD922.11@e2327@f1 | |
| 普通行政执法学/夏云峰著.-北京:中国法制出版社,2018 |
| 417页;23cm |
| ISBN 978-7-5093-9199-0:CNY50.00 |
| ● |
| 相关链接 |
|
|
|
|
正题名:普通行政执法学
索取号:D922.11/2327
 
预约/预借
| 序号 | 登录号 | 条形码 | 馆藏地/架位号 | 状态 | 备注 |
| 1 | 1052961 | 210529613 | 第一样本阅览室/ [索取号:D922.11/2327] | 在馆 |